Suomitrivia - Statistics

Yleistilastot
  • Tätä visaa on pelattu 6 510 kertaa
  • Keskiarvotulos 12 / 27
Vastaustilastot
Hint Vastaus % Oikein
Itsenäistyi vuonna...? 1917
97%
Mikä eläin esiintyy Suomen vaakunassa? Leijona
94%
Yleisin puulaji? Mänty
89%
Minä vuonna Suomi voitti Euroviisut? 2006
84%
Kolmanneksi puhutuin kieli? Venäjä
75%
Suurin Suomessa elävä nisäkäs? Hirvi
74%
Missä suomalainen Joulupukki asuu? Korvatunturilla
69%
Adoptiovanhemman alaikäraja? 25 vuotta
68%
Kansalliskukka? Kielo
64%
Minkä kanssa perinteistä leipäjuustoa yleensä nautitaan? Lakkahillo
60%
Suomi liittyi Euroopan Unioniin vuonna...? 1995
54%
Kansallispeli? Pesäpallo
52%
Helsinki - Utsjoki välillä kulkeva, Suomen pisin valtatie? 4
48%
Kalevalassa Väinämöinen halusi vaimokseen Joukahaisen sisaren eli...? Ainon
47%
Montako kiloa jauhettua kahvia suomalainen keskimäärin kuluttaa vuodessa? 10
45%
Järjestyksessä viides presidentti? Risto Ryti
34%
"Haihtuvi nuoruus niin kuin vierivä virta, langat jo harmaat lyö elon kultainen pirta." Kuka runoilija? Eino Leino
33%
Kenen kirjoittama on näytelmä Työmiehen vaimo? Minna Canth
28%
Pinta-alaltaan Suomen pienin kunta? Kauniainen
26%
Kuka suomalainen on saanut kirjallisuuden Nobelin? F. E. Sillanpää
19%
Kuka on säveltänyt Maamme- laulun? Fredrik Pacius
17%
Kuka suomalainen voitti Miss Universum- kilpailun vuonna 1975? Anne Pohtamo
16%
Mistä aineesta salmiakin suolainen maku johtuu? Ammoniumkloridista
10%
Mikä oli vuonna 2013 suosituin koiran nimi? Bella
10%
Kuinka suuri on rahallinen äitiysavustus? 140 euroa
9%
Suomen vesialueilla elää yksi meduusalaji, mikä? Korvameduusa
5%
Minä vuonna alettiin valmistaa Sisu- pastilleja? 1928
4%
Ehtoja vastaavia visoja ei löytynyt
Tulosjakauma
Jokaisen tuloksen saaneiden osuus
Persentiili vastausten määrän mukaan
Tuloshistoriasi
Et ole pelannut tätä visaa